Marvel Rainbow Picture Quiz - Statistics

General Stats
  • This quiz has been taken 27 times
  • The average score is 21 of 30
Answer Stats
Picture Answer % Correct
Iron Man
100%
Captain America
96%
Hulk
96%
Thing
96%
Ant-Man
92%
Daredevil
92%
Wasp
92%
Wolverine
92%
Cyclops
84%
Hawkeye
84%
Ms. Marvel
84%
Hawkeye (Kate Bishop)
80%
Invisible Woman
80%
Spider-Woman
80%
Luke Cage
76%
Rogue
76%
Elektra
72%
Iron Fist
68%
Okoye
68%
Magik
60%
Elsa Bloodstone
56%
Tigra
56%
Quicksilver
52%
Wonder Man
52%
Kingo
48%
Hazmat
40%
Clea
36%
Superior Octopus
36%
Meggan
28%
Shaman
28%
No matching quizzes found
Score Distribution
Percent of People with Each Score
Percentile by Number Answered
Your Score History
You have not taken this quiz